000 00528nam a2200217 a 4500
001 nice12345678
003 IN_TiNIC
005 20260116012357.0
008 050524s1956 mada grp 000 0 eng
020 _a
_c0
082 0 0 _a291
_bAPP1
100 _aAppasamy, A J
245 _aChristian Theological Approach to Hinduism
260 _aMadras
_bChristian Literature Society
_c1956
300 _a74p
500 _aincludes index and biblioraphy
505 2 _aindex
902 _bSRS
942 _cBK
999 _c6773
_d6773